New remedial treatment qualification (Record no. 71333)
[ view plain ]
| 000 -LEADER | |
|---|---|
| fixed length control field | 00710cam a2200181 4500 |
| 001 - CONTROL NUMBER | |
| control field | WB3837-03 |
| 008 - FIXED-LENGTH DATA ELEMENTS--GENERAL INFORMATION | |
| fixed length control field | 021010n2002 000 0 eng u |
| 035 ## - SYSTEM CONTROL NUMBER | |
| System control number | (Sirsi) u120056 |
| 245 ## - TITLE STATEMENT | |
| Title | New remedial treatment qualification |
| 260 ## - PUBLICATION, DISTRIBUTION, ETC. | |
| Date of publication, distribution, etc. | 2002 |
| 490 ## - SERIES STATEMENT | |
| Series statement | British Wood Preserving and Damp-proofing Association News Release |
| Volume/sequential designation | September 2002, (1) |
| 520 ## - SUMMARY, ETC. | |
| Summary, etc. | Institute of Wood Preserving and Damp-proofing launched new qualification for remedial treatment surveyors, Assessed Surveyor in Remedial Treatment (ASRT). Details available from +44 (0)1332 225100 or www.bwpda.co.uk |
| 590 ## - LOCAL NOTE (RLIN) | |
| Local note | WB |
| 650 ## - SUBJECT ADDED ENTRY--TOPICAL TERM | |
| Topical term or geographic name entry element | WOOD PRESERVATION |
| 650 ## - SUBJECT ADDED ENTRY--TOPICAL TERM | |
| Topical term or geographic name entry element | QUALIFICATIONS |
| 690 ## - LOCAL SUBJECT ADDED ENTRY--TOPICAL TERM (OCLC, RLIN) | |
| Topical term or geographic name as entry element | BUILT ENVIRONMENT |
| 942 ## - ADDED ENTRY ELEMENTS (KOHA) | |
| Suppress in OPAC | 0 |
| Withdrawn status | Lost status | Source of classification or shelving scheme | Damaged status | Not for loan | Home library | Current library | Shelving location | Date acquired | Total Checkouts | Full call number | Barcode | Date last seen | Copy number | Price effective from | Koha item type |
|---|---|---|---|---|---|---|---|---|---|---|---|---|---|---|---|
| Dewey Decimal Classification | London | London | News article | 10/10/2002 | WB3837-03 | 120056-1001 | 06/08/2019 | 1 | 06/08/2019 | News article |